000 00449nam a2200181 a 4500
001 1766486164422
003 ACL
005 20251223164044.0
008 251223s2001##################000#0#eng##
020 _a9780471380221
082 0 4 _a647.95068
_bCUL
100 1 _aAmerica, The Culinary Institute of,
_eauthor.
245 1 0 _aRemarkable Service :
260 _bWiley,
_c2001.
650 0 _aCooking.
942 _cENGLISH
040 _aACL
_beng
_cACL
999 _c604298
_d604298